000 00917cam a2200289 i 4500
001 200454978
003 TR-AnTOB
005 20250718110543.0
008 131219s2004 tu tur
020 _a9757215457
040 _aTR-AnTOB
_beng
_erda
_cTR-AnTOB
041 0 _atur
050 1 _aHC415.4
090 _aHC415.4
_b.K595 2004
100 1 _aKıyıcı, Hakan
_eauthor
_9144057
245 1 0 _aIrak ülke raporu: Irak'ın yeniden yapılandırılması ve Türkiye'nin rolü /
_cHakan Kıyıcı
264 1 _aİstanbul :
_bMÜSİAD,
_c2004.
300 _a96 pages :
_bphotographs ;
_c21 cm
336 _2rdacontent
_atext
_btxt
337 _2rdamedia
_aunmediated
_bn
338 _2rdacarrier
_avolume
_bnc
651 7 _aIrak
_xEkonomik durum
_2etuturkob
_945495
651 7 _aIrak
_xSiyaset ve yönetim
_2etuturkob
_914342
651 0 _9120686
_aIrak
_xTarih
942 _2lcc
_cBK
999 _c200454978
_d73190